Aprendizaje reflexivo en la Educación Superior
Збережено в:
| Автори: | , |
|---|---|
| Формат: | Книга |
| Мова: | Іспанська |
| Опубліковано: |
Madrid
Morata
2002
|
| Редагування: | 1a. ed |
| Серія: | Colección Pedagogía. Manuales
|
| Предмети: | |
| Теги: |
Додати тег
Немає тегів, Будьте першим, хто поставить тег для цього запису!
|
MARC
| LEADER | 00000nam a2200000 a 4500 | ||
|---|---|---|---|
| 001 | UCG1293 | ||
| 003 | CL-VaPUC | ||
| 008 | 100429e20020000SP |||||||||||||||||spa|d | ||
| 020 | |a 8471124521 | ||
| 082 | 0 | 4 | |a 370 |b BRO |2 21 |
| 100 | 0 | |a Brockbank, Anne |e author |9 549152 | |
| 700 | 0 | |a McGill, Ian |e author |9 549153 | |
| 245 | 1 | 0 | |a Aprendizaje reflexivo en la Educación Superior |
| 250 | |a 1a. ed | ||
| 300 | |a 311 p | ||
| 942 | |c BK | ||
| 945 | |d 20100429 00:00:00 |a cmena | ||
| 260 | |a Madrid |b Morata |c 2002 | ||
| 650 | 0 | |a Filosofía de la educación |9 258384 | |
| 650 | 0 | |a Educación superior |9 223851 | |
| 650 | 0 | |a Aprendizaje |9 254827 | |
| 650 | 0 | |a Métodos de aprendizaje |9 334464 | |
| 583 | |a last modification |c 20100429 00:00:00 |k Rodrigo Vera | ||
| 490 | 0 | |a Colección Pedagogía. Manuales | |
| 999 | |c 340697 |d 340695 | ||